000 00575nam a22002051c 4500
001 a987678186
008 161024s2014 gw |||| 000u ger d
020 _a9783868542745
_9978-3-86854-274-5
041 _ager
100 1 _aVoß, Klaas
245 0 0 _aWashingtons Söldner :
_bverdeckte US-Interventionen im Kalten Krieg /
_cVoß, Klaas
264 _aHamburg :
_bHamburger Edition,
_c2014
300 _a590 S.
650 0 _aOst-West-Konflikt
650 0 _aSöldner
650 0 _aMilitärische Intervention
942 _cMG
040 _cRU-10907106
003 RU-10907106
999 _c33975
_d33975